| 000 | 00395nam a22001337a 4500 | ||
|---|---|---|---|
| 005 | 20250912131745.0 | ||
| 020 | _a9780143472131 | ||
| 082 | _a350.1 SHA/DE | ||
| 100 |
_aShah, Jasmine _91352 |
||
| 245 |
_aThe Delhi model: _ba bold new road to building a developed India/ _cby Jasmine Shah |
||
| 260 |
_a. - Haryana _b: Penguin random house _c, 2024 |
||
| 300 | _axxii+334 pages | ||
| 942 |
_2ddc _cBK |
||
| 999 |
_c751328 _d751328 |
||